000 00950nas a2200301 4500
001 BR2012003846
003 BR-BrBNA
005 20231205120644.0
007 ta
008 230509b bl.|||p| |||| 00| 00por d
040 _aBR-BrBNA
_bpor
_cBiblioteca Nacional de Agricultura
041 _a(Pt)
072 _aF04; F02
100 1 _aBernardi, M.R.
100 1 _aSperotto Junior, M.
100 1 _aDaniel, O.
100 1 _aVitorino, A.C.T.
245 1 _aCrescimento de mudas de Corymbia citriodora em função do uso de hidrogel e adubação
246 1 _aGrowth of seedlings of Corymbia citriodora as a function of hydrogel use and fertilization
650 _aEUCALIPTO
650 _aADUBAÇÃO
650 _aFERTILIZANTE
650 _aMUDA
650 _aCRESCIMENTO
773 0 _tCerne (Brazil)
_xISSN 0104-7760
_g(Jan-Mar 2012), v. 18(1) p. 67-74
_wBR2012003846
909 _a202311
_bLúcia
_c55
_dLúcia Elande
942 _2AGRIS
_n0
_cANA
999 _c219595
_d219595